Follet Simone éd., L’hellénisme d’époque romaine, Nouveaux documents, nouvelles approches (Ier s. a.C. - IIIe s. p. C.), Actes du Colloque international à la mémoire de Louis Robert, Paris, 7-8 juillet 2000, organisé par L’Année épigraphique et l’Université de Paris IV (De l’archéologie à l’histoire), Paris, De Boccard, 2004, 1 vol. 16 × 4, 452 p., 37 fig. ds t. (notice n° 1595827)
[ vue normale ]
| 000 -LEADER | |
|---|---|
| fixed length control field | 00830cam a2200145 4500500 |
| 005 - DATE AND TIME OF LATEST TRANSACTION | |
| control field | 20251228073720.0 |
| 041 ## - LANGUAGE CODE | |
| Language code of text/sound track or separate title | fre |
| 042 ## - AUTHENTICATION CODE | |
| Authentication code | dc |
| 100 10 - MAIN ENTRY--PERSONAL NAME | |
| Personal name | Le Roy, Christian |
| Relator term | author |
| 245 00 - TITLE STATEMENT | |
| Title | Follet Simone éd., L’hellénisme d’époque romaine, Nouveaux documents, nouvelles approches (Ier s. a.C. - IIIe s. p. C.), Actes du Colloque international à la mémoire de Louis Robert, Paris, 7-8 juillet 2000, organisé par L’Année épigraphique et l’Université de Paris IV (De l’archéologie à l’histoire), Paris, De Boccard, 2004, 1 vol. 16 × 4, 452 p., 37 fig. ds t. |
| 260 ## - PUBLICATION, DISTRIBUTION, ETC. | |
| Date of publication, distribution, etc. | 2005.<br/> |
| 500 ## - GENERAL NOTE | |
| General note | 5 |
| 786 0# - DATA SOURCE ENTRY | |
| Note | Revue archéologique | 40 | 2 | 2005-09-01 | p. 365zc-437zc | 0035-0737 |
| 856 41 - ELECTRONIC LOCATION AND ACCESS | |
| Uniform Resource Identifier | <a href="https://shs.cairn.info/revue-archeologique-2005-2-page-365zc?lang=fr&redirect-ssocas=7080">https://shs.cairn.info/revue-archeologique-2005-2-page-365zc?lang=fr&redirect-ssocas=7080</a> |
Pas d'exemplaire disponible.




Réseaux sociaux